000 01217cam a2200241 4500
001 sa 68016145
003 DLC
005 20260227112652.0
008 700702s1966 io 000 0 eng
010 _asa 68016145
025 _aPL480:Indo-6051
040 _aDLC
_cDLC
_dDLC
050 0 0 _aDS638
_b.I63
082 0 0 _a327.598
245 0 0 _aIndonesia's foreign policy as based on the Pantja Sila principles.
260 _a[Djakarta]
_bDept. of Information, Republic of Indonesia
_c[1966]
300 _a33 p.
_c21 cm.
500 _a"Special issue, 003/1966."
505 0 _aPress statement on foreign policy by A. Malik, April 4, 1966.--Government statement before the Gotong-Royong House of Representatives (Dewan Perwakilan Rakjat Gotong Royong), May 5, 1966.--The Provisional People's Consultative Assembly decree no. XII/MPRS/1966 concerning reaffirmation of the basis of the foreign policy of the Republic of Indonesia.--The Provisional People's Consultative Assembly note no. I/MPRS/1966 to the chairman to [sic] the Dewan Perwakilan Rakjat Gotong-Royong concerning the foreign policy as based on Pantja Sila.
651 0 _aIndonesia
_xForeign relations.
650 0 _aPancasila.
700 1 _aMalik, Adam.
999 _c86932
_d86932